000 01097nam a2200229Ii 4500
003 JO-AjNU
008 230605s9999||||xx |||||||||||||| ||und||
017 _a2010/16422
020 _a978-977-5676290
040 _aJO-AjNU
_bara
_erda
_cJO-AjNU
041 _aara
050 1 4 _aHD29. M52 2011
100 3 _aالمنظمة العربية للتنمية الإدارية، القاهرة,
_eauthor
_951971
245 0 0 _aإعادة هندسة الإجراءات ودورها في التطوير الإداري : ملتقى الإصلاح المالي والإداري : تبسيط الإجراءات في المعاملات المالية والإدارية (2009 : إسطنبول، تركيا)
264 3 1 _aالقاهرة: المنظمة العربية للتنمية الادارية، 2011
300 _a357ص
_bيحتوي على ببلوغرافية من 356-357ص
336 _atext
_btxt
_2rdacontent
337 _aunmediated
_bn
_2rdamedia
338 _avolume
_bnc
_2rdacarrier
490 0 _aاعمال مؤتمرات
650 4 _aالتطوير الاداري - مؤتمرات
_951972
999 _aA22994
_c26562
_d26562